|
|
|
|
| LEADER |
00000nam0a2200000 4500 |
| 001 |
78528 |
| 005 |
20231031093858.0 |
| 010 |
|
|
|a 5931964991
|
| 035 |
|
|
|a (RuTPU)RU\TPU\book\84169
|
| 090 |
|
|
|a 78528
|
| 100 |
|
|
|a 20050627d2004 km y0rusy50 ca
|
| 101 |
0 |
|
|a rus
|
| 102 |
|
|
|a RU
|
| 105 |
|
|
|a y l 000zy
|
| 200 |
1 |
|
|a Межотраслевые правила по охране труда при электро- и газосварочных работах в вопросах и ответах
|e пособие для изучения и подготовки к проверке знаний
|f Авт.-сост. В. В. Красник
|
| 210 |
|
|
|a Москва
|c НЦ ЭНАС
|d 2004
|
| 215 |
|
|
|a 66 с.
|
| 610 |
1 |
|
|a сварка
|
| 610 |
1 |
|
|a электросварочные работы
|
| 610 |
1 |
|
|a газосварочные работы
|
| 610 |
1 |
|
|a безопасность
|
| 610 |
1 |
|
|a охрана труда
|
| 610 |
1 |
|
|a требования
|
| 610 |
1 |
|
|a правила
|
| 675 |
|
|
|a 621.791.7:658(083.13)
|v 3
|
| 675 |
|
|
|a 621.791.5(083.13)
|v 3
|
| 702 |
|
1 |
|a Красник
|b В. В.
|g Валентин Викторович
|4 220
|
| 801 |
|
1 |
|a RU
|b 63413507
|c 20050627
|g PSBO
|
| 801 |
|
2 |
|a RU
|b 63413507
|c 20050704
|g PSBO
|
| 942 |
|
|
|c BK
|